[Event "DBMM 2015 (XV.)"]
[Site "München"]
[Date "2015.10.23"]
[Round "3.3"]
[White "Buchholz, Robert"]
[Black "Selmanaj, Agim"]
[Result "0-1"]
[WhiteElo "1990"]
[BlackElo "1599"]
[Annotator "Peter"]
[PlyCount "79"]
[EventDate "2015.10.22"]
[EventRounds "7"]
[EventCountry "GER"]
[WhiteTeam "Baubehörde Hamburg 1"]
[BlackTeam "EKJ Herne und Wanne-Eickel 1"]

1. d4 g6 2. c4 Nf6 3. Nc3 Bg7 4. e4 d6 5. h3 O-O 6. Bg5 Qe8 7. Nf3 e5 8. d5
Nbd7 9. Be2 a6 10. g4 Nc5 11. Nd2 Bd7 12. b4 Na4 13. Qc2 Nxc3 14. Qxc3 b6 15.
Qg3 Qc8 16. f3 Ba4 17. h4 h5 18. Bxf6 Bxf6 19. gxh5 Kh7 20. hxg6+ fxg6 21. Kf2
Rh8 22. Rag1 Qe8 23. Nf1 Qf7 24. Ne3 Bd7 25. f4 exf4 26. Qxf4 Kg7 27. h5 g5 28.
Bf3 Rag8 29. Ke2 Kf8 30. Qg3 Qg7 31. Bg4 Be5 32. Qh3 Bxg4+ 33. Qxg4 Bf4 34.
Qc8+ Kf7 35. Qxc7+ Ke8 36. Qxg7 Rxg7 37. Nf5 Rc7 38. Kd3 Kf7 39. h6 Kg6 40. Rg2
{Zeitüberschreitung ?} 0-1

[Event "DBMM 2015 (XV.)"]
[Site "München"]
[Date "2015.10.23"]
[Round "3.4"]
[White "Rhein, Volker"]
[Black "Raum, Norbert"]
[Result "0-1"]
[WhiteElo "1300"]
[BlackElo "1816"]
[PlyCount "114"]
[EventDate "2015.10.22"]
[EventRounds "7"]
[EventCountry "GER"]
[WhiteTeam "EKJ Herne und Wanne-Eickel 1"]
[BlackTeam "Baubehörde Hamburg 1"]

1. e4 e6 2. Nc3 d5 3. d3 Nf6 4. Nf3 Be7 5. e5 Nfd7 6. d4 c5 7. Be3 Nc6 8. Bb5
Nxd4 9. Bxd7+ Bxd7 10. Nxd4 cxd4 11. Qxd4 O-O 12. O-O f5 13. a4 b6 14. Ne2 Rc8
15. Qd3 Qe8 16. b3 Bc5 17. Nd4 f4 18. Bd2 Bxd4 19. Qxd4 f3 20. Rac1 Qh5 21. h3
fxg2 22. Kxg2 Qf3+ 23. Kh2 Rf5 24. Be3 Rcf8 25. Qg4 Be8 26. Rg1 Qxg4 27. Rxg4
Bh5 28. Rg3 R8f7 29. f4 Rc7 30. Kh1 Bg6 31. Kg1 Rh5 32. Kh2 Rxc2+ 33. Rxc2 Bxc2
34. Bd4 Rf5 35. Rc3 Rxf4 36. Bxb6 axb6 37. Rxc2 Rb4 38. Rc3 Kf7 39. Rf3+ Ke7
40. Kg2 Re4 41. Rg3 g6 42. Rc3 Kd7 43. Rf3 Rxe5 44. Rf7+ Kc6 45. Rxh7 d4 46.
Rh8 Rd5 47. Kf2 e5 48. Ke2 Kc5 49. Rb8 d3+ 50. Kd2 e4 51. Re8 Kd4 52. Re6 g5
53. Rxb6 e3+ 54. Kd1 Rf5 55. Rd6+ Kc3 56. Rc6+ Kb2 57. Rd6 Rf1# 0-1

[Event "DBMM 2015 (XV.)"]
[Site "München"]
[Date "2015.10.23"]
[Round "3.1"]
[White "Capris, Marius"]
[Black "Urban, Ralf-Dieter"]
[Result "1/2-1/2"]
[WhiteElo "1952"]
[BlackElo "2063"]
[PlyCount "90"]
[EventDate "2015.10.22"]
[EventRounds "7"]
[EventCountry "GER"]
[WhiteTeam "Fiducia IT 1"]
[BlackTeam "Transit Hühnerposten Hamburg 1"]

1. d4 c5 2. e3 e6 3. Nf3 f5 4. Bd3 Nf6 5. b3 b6 6. Bb2 Bb7 7. O-O Be7 8. a4 O-O
9. Nbd2 Ne4 10. a5 d6 11. axb6 axb6 12. Rxa8 Bxa8 13. Qa1 Nd7 14. dxc5 bxc5 15.
Qa7 Bf6 16. Bxf6 Ndxf6 17. Ra1 Ng4 18. h3 Ngxf2 19. Nc4 Nxd3 20. cxd3 Ng5 21.
Nxg5 Qxg5 22. Qxa8 Rxa8 23. Rxa8+ Kf7 24. Nxd6+ Kg6 25. Nc4 Qg3 26. Ra1 f4 27.
exf4 Qxf4 28. Rf1 Qd4+ 29. Kh2 h6 30. Rf3 Qc3 31. Re3 Kf6 32. Nd6 Ke7 33. Ne4
Qe5+ 34. Rg3 Kd7 35. Kh1 Kc6 36. Kg1 Kb5 37. Kf2 Qb2+ 38. Ke3 g5 39. Nd2 Kc6
40. Nc4 Qd4+ 41. Ke2 Kb5 42. Rg4 Qa1 43. Nd6+ Kc6 44. Nc4 Qa2+ 45. Nd2 Kd5
1/2-1/2

[Event "DBMM 2015 (XV.)"]
[Site "München"]
[Date "2015.10.23"]
[Round "3.2"]
[White "Meister, Bernd-Holger"]
[Black "Kühn, Patrick"]
[Result "0-1"]
[WhiteElo "1819"]
[BlackElo "2206"]
[PlyCount "42"]
[EventDate "2015.10.22"]
[EventType "swiss"]
[EventRounds "7"]
[EventCountry "GER"]
[WhiteTeam "Transit Hühnerposten Hamburg 1"]
[BlackTeam "Fiducia IT 1"]

1. b3 e5 2. Bb2 Nc6 3. e3 d5 4. Bb5 f6 5. d3 a6 6. Bxc6+ bxc6 7. Nd2 Bd6 8. h3
Ne7 9. Ngf3 O-O 10. Qe2 Be6 11. c4 Ng6 12. Rc1 Re8 13. h4 Bg4 14. e4 f5 15. g3
fxe4 16. dxe4 Bb4 17. Bc3 Ba3 18. Rd1 d4 19. Nb1 Qf6 20. Rd3 dxc3 21. Nxa3 Rf8
0-1

[Event "DBMM 2015 (XV.)"]
[Site "München"]
[Date "2015.10.23"]
[Round "3.3"]
[White "Hofbauer, Bernhard"]
[Black "Bohn, Christoph"]
[Result "1/2-1/2"]
[WhiteElo "1954"]
[BlackElo "1920"]
[PlyCount "51"]
[EventDate "2015.10.22"]
[EventType "swiss"]
[EventRounds "7"]
[EventCountry "GER"]
[WhiteTeam "Fiducia IT 1"]
[BlackTeam "Transit Hühnerposten Hamburg 1"]

1. e4 e5 2. Nc3 Nc6 3. Nf3 Nf6 4. d4 exd4 5. Nxd4 d6 6. Nxc6 bxc6 7. Bd3 Be7 8.
O-O O-O 9. b3 Bg4 10. f3 Be6 11. Bb2 Qd7 12. Qe1 Kh8 13. f4 g6 14. Ne2 Rg8 15.
Ng3 Rg7 16. f5 gxf5 17. exf5 Bd5 18. c4 Bxg2 19. Kxg2 Rag8 20. Kh1 d5 21. Rd1
d4 22. Qf2 c5 23. Qf3 Bd6 24. Rg1 Ng4 25. Bc1 c6 26. f6 1/2-1/2

[Event "DBMM 2015 (XV.)"]
[Site "München"]
[Date "2015.10.23"]
[Round "3.4"]
[White "Leube, Oliver"]
[Black "Strasser, Josef"]
[Result "1/2-1/2"]
[WhiteElo "1928"]
[BlackElo "1881"]
[PlyCount "75"]
[EventDate "2015.10.22"]
[EventType "swiss"]
[EventRounds "7"]
[EventCountry "GER"]
[WhiteTeam "Transit Hühnerposten Hamburg 1"]
[BlackTeam "Fiducia IT 1"]

1. d4 Nf6 2. c4 e6 3. Nf3 b6 4. Bg5 Bb7 5. Nfd2 Be7 6. f3 d5 7. e3 Nbd7 8. Bd3
c5 9. cxd5 exd5 10. O-O cxd4 11. exd4 O-O 12. Nc3 Re8 13. Rc1 Nf8 14. Bb5 N6d7
15. Bxe7 Rxe7 16. Re1 a6 17. Rxe7 Qxe7 18. Bxd7 Nxd7 19. Nf1 b5 20. Qe2 Qxe2
21. Nxe2 Rc8 22. Rxc8+ Bxc8 23. Ne3 Nb6 24. b4 Kf8 25. Nc3 Be6 26. f4 f5 27.
Kf2 Ke7 28. h3 h5 29. Kg3 Kf6 30. Kh4 g6 31. Kg3 Ke7 32. Kf3 Kf6 33. h4 Ke7 34.
Ke2 Kd6 35. Kd3 Bf7 36. Kc2 Be8 37. Kb3 Ke6 38. g3 1/2-1/2

[Event "DBMM 2015 (XV.)"]
[Site "München"]
[Date "2015.10.23"]
[Round "3.1"]
[White "Mooser, Stefan"]
[Black "Schröder, Kai Uwe"]
[Result "1-0"]
[WhiteElo "2148"]
[BlackElo "1858"]
[PlyCount "79"]
[EventDate "2015.10.22"]
[EventType "swiss"]
[EventRounds "7"]
[EventCountry "GER"]
[WhiteTeam "Flughafen München 1"]
[BlackTeam "Transit Hühnerposten Hamburg 2"]

1. e4 e6 2. d4 d5 3. Nd2 dxe4 4. Nxe4 Bd7 5. Nf3 Bc6 6. Bd3 Nd7 7. Qe2 Ngf6 8.
Nxf6+ Nxf6 9. Bg5 Be7 10. O-O O-O 11. Rfd1 Bxf3 12. Qxf3 c6 13. c4 Qa5 14. Be3
Qh5 15. Qxh5 Nxh5 16. Be2 Nf6 17. Bf3 Rfd8 18. Kf1 h6 19. Rac1 Rdc8 20. Rc3 Bd6
21. g3 g5 22. h3 Kf8 23. h4 Nh7 24. d5 exd5 25. cxd5 c5 26. Rdc1 b6 27. b4 Be5
28. Rc4 f6 29. bxc5 bxc5 30. Bxc5+ Kf7 31. d6 Rab8 32. Bxa7 Rxc4 33. Rxc4 Rd8
34. Rc7+ Kg8 35. Bd5+ Kh8 36. Bc5 Nf8 37. Rf7 Nd7 38. Bb4 Nb6 39. Bb3 Bxd6 40.
Ba5 1-0

[Event "DBMM 2015 (XV.)"]
[Site "München"]
[Date "2015.10.23"]
[Round "3.2"]
[White "Figger, Udo"]
[Black "Eggerer, Stefan"]
[Result "0-1"]
[WhiteElo "1906"]
[BlackElo "2156"]
[PlyCount "60"]
[EventDate "2015.10.22"]
[EventType "swiss"]
[EventRounds "7"]
[EventCountry "GER"]
[WhiteTeam "Transit Hühnerposten Hamburg 2"]
[BlackTeam "Flughafen München 1"]

1. Nc3 d5 2. e4 dxe4 3. Nxe4 e6 4. Bc4 Nd7 5. d4 Ngf6 6. Ng3 Be7 7. Nf3 O-O 8.
Bf4 b6 9. O-O Bb7 10. Ne5 Nd5 11. Nxd7 Qxd7 12. Be3 Nxe3 13. fxe3 Bxg2 14. Bxe6
Qxe6 15. Kxg2 Qxe3 16. Nf5 Qe4+ 17. Rf3 Bf6 18. c3 Rfe8 19. Qf1 Rad8 20. Qf2 c5
21. Qg3 cxd4 22. Nd6 Qc2+ 23. Rf2 Re2 24. Raf1 d3 25. Ne4 Rxe4 26. Rxc2 dxc2
27. Qf3 Rde8 28. Kf2 Re2+ 29. Kg1 h6 30. Qd3 Bg5 0-1

[Event "DBMM 2015 (XV.)"]
[Site "München"]
[Date "2015.10.23"]
[Round "3.3"]
[White "Däbritz, Hans-Jörg"]
[Black "Basteck, Reiner"]
[Result "1-0"]
[WhiteElo "1907"]
[BlackElo "1648"]
[PlyCount "50"]
[EventDate "2015.10.22"]
[EventRounds "7"]
[EventCountry "GER"]
[WhiteTeam "Flughafen München 1"]
[BlackTeam "Transit Hühnerposten Hamburg 2"]

1. d4 d5 2. c4 c6 3. Nf3 Nf6 4. Nc3 e6 5. e3 Nbd7 6. Qc2 Be7 7. Bd2 O-O 8. Bd3
dxc4 9. Bxc4 Nd5 10. a3 Nxc3 11. bxc3 Nf6 12. e4 c5 13. Bd3 g6 14. h4 Qc7 15.
e5 Nd7 16. Qa2 Nb6 17. h5 a6 18. Rc1 Qd7 19. Qb3 Na4 20. Be4 Rb8 21. Qa2 f5 22.
exf6 Bxf6 23. hxg6 b5 24. Rxh7 Qd8 25. Bh6 c4 1-0

[Event "DBMM 2015 (XV.)"]
[Site "München"]
[Date "2015.10.23"]
[Round "3.1"]
[White "Ungerer, Markus"]
[Black "Körlin, Hans-Jürgen"]
[Result "1-0"]
[WhiteElo "2131"]
[BlackElo "1882"]
[PlyCount "69"]
[EventDate "2015.10.22"]
[EventType "swiss"]
[EventRounds "7"]
[EventCountry "GER"]
[WhiteTeam "Wüstenrot & Württembergische 1"]
[BlackTeam "Bezirksamt Berlin Tempelhof 1"]

1. e4 e5 2. f4 exf4 3. Nf3 d6 4. Bc4 h6 5. d4 g5 6. O-O Bg7 7. g3 Bh3 8. Rf2
Nc6 9. gxf4 g4 10. d5 Na5 11. Bb5+ c6 12. Nd4 cxb5 13. Nf5 Rh7 14. Qd3 Nc4 15.
Nxg7+ Rxg7 16. b3 g3 17. hxg3 Nb6 18. Bb2 Rg6 19. Rh2 Qd7 20. f5 Bf1 21. Kxf1
Rg5 22. Nc3 O-O-O 23. Nxb5 a6 24. Bd4 Nxd5 25. Na7+ Kb8 26. exd5 Rxf5+ 27. Kg1
Rxd5 28. c4 Rg5 29. Re1 f5 30. Rg2 Rf8 31. Be3 f4 32. Bxf4 Rxf4 33. gxf4 Rxg2+
34. Kxg2 Qg4+ 35. Qg3 1-0

[Event "DBMM 2015 (XV.)"]
[Site "München"]
[Date "2015.10.23"]
[Round "3.2"]
[White "Kettenburg, Stefan Dr."]
[Black "Peck, Malcolm"]
[Result "1-0"]
[WhiteElo "2063"]
[BlackElo "1677"]
[PlyCount "56"]
[EventDate "2015.10.22"]
[EventType "swiss"]
[EventRounds "7"]
[EventCountry "GER"]
[WhiteTeam "Bezirksamt Berlin Tempelhof 1"]
[BlackTeam "Wüstenrot & Württembergische 1"]

1. d4 d5 2. Nf3 e6 3. c4 Nf6 4. cxd5 exd5 5. Nc3 Bd6 6. Bg5 c6 7. Qc2 h6 8. Bh4
Be6 9. e3 Nbd7 10. Bd3 Qc7 11. O-O g5 12. Bg3 Bxg3 13. hxg3 Qd6 14. b4 Rg8 15.
b5 h5 16. bxc6 bxc6 17. Rfc1 h4 18. Ne2 Rc8 19. gxh4 Ng4 20. hxg5 Rxg5 21. Nxg5
Qh2+ 22. Kf1 Qh1+ 23. Ng1 Nh2+ 24. Ke2 Qxg2 25. Nxe6 fxe6 26. Ba6 Rc7 27. Qh7
Qg4+ 28. Kd2 Qg2 1-0

[Event "DBMM 2015 (XV.)"]
[Site "München"]
[Date "2015.10.23"]
[Round "3.4"]
[White "Baranowsky, Peter"]
[Black "Uhlarz, Jörg"]
[Result "1-0"]
[WhiteElo "1945"]
[BlackElo "1676"]
[PlyCount "78"]
[EventDate "2015.10.22"]
[EventType "swiss"]
[EventRounds "7"]
[EventCountry "GER"]
[WhiteTeam "Bezirksamt Berlin Tempelhof 1"]
[BlackTeam "Wüstenrot & Württembergische 1"]

1. d4 f5 2. g3 Nf6 3. Bg2 d5 4. c4 e6 5. Nc3 c6 6. cxd5 exd5 7. Nf3 Be7 8. O-O
O-O 9. Bf4 Nbd7 10. Qc2 Nh5 11. Be5 g6 12. Rad1 Qe8 13. Qd2 Nxe5 14. Nxe5 f4
15. g4 Ng7 16. f3 Bd6 17. Nd3 Ne6 18. e3 b5 19. Ne2 c5 20. Ndxf4 Nxf4 21. Nxf4
Bxf4 22. exf4 c4 23. Rde1 Qd8 24. Re5 Rb8 25. Rfe1 b4 26. Qe3 c3 27. bxc3 bxc3
28. Qxc3 Ba6 29. Re7 Qd6 30. Qe3 Qxf4 31. Qe6+ Kh8 32. Qxa6 Qxd4+ 33. Kh1 Rb2
34. Qxa7 Qc3 35. R7e2 Rbb8 36. Qe3 Qg7 37. Qe5 Qf6 38. Qxf6+ Rxf6 39. Re8+ Kg7
1-0

[Event "DBMM 2015 (XV.)"]
[Site "München"]
[Date "2015.10.23"]
[Round "3.1"]
[White "Blum, Nobert"]
[Black "Scharrer, Udo"]
[Result "1/2-1/2"]
[WhiteElo "2027"]
[BlackElo "1974"]
[PlyCount "32"]
[EventDate "2015.10.22"]
[EventType "swiss"]
[EventRounds "7"]
[EventCountry "GER"]
[WhiteTeam "SV Spark.Vers. Stuttgart "]
[BlackTeam "SG Stern Stuttgart 1"]

1. e4 c5 2. c3 Nf6 3. e5 Nd5 4. d4 cxd4 5. Nf3 e6 6. cxd4 d6 7. Bc4 Nc6 8. O-O
Be7 9. Bxd5 exd5 10. exd6 Qxd6 11. h3 O-O 12. Nc3 Be6 13. Bg5 Bxg5 14. Nxg5
Rad8 15. Qd3 g6 16. Rad1 Bf5 1/2-1/2

[Event "DBMM 2015 (XV.)"]
[Site "München"]
[Date "2015.10.23"]
[Round "3.3"]
[White "Lau, Peter"]
[Black "Pillath, Marcus"]
[Result "1/2-1/2"]
[WhiteElo "1820"]
[BlackElo "1631"]
[PlyCount "49"]
[EventDate "2015.10.22"]
[EventType "swiss"]
[EventRounds "7"]
[EventCountry "GER"]
[WhiteTeam "SV Spark.Vers. Stuttgart "]
[BlackTeam "SG Stern Stuttgart 1"]

1. e4 c6 2. d4 d5 3. Nc3 dxe4 4. Nxe4 Bf5 5. Ng3 Bg6 6. h4 h6 7. Nf3 Nd7 8. h5
Bh7 9. Bd3 Bxd3 10. Qxd3 Ngf6 11. Bd2 e6 12. Ne4 Nxe4 13. Qxe4 Nf6 14. Qe2 Bd6
15. O-O-O O-O 16. c4 Qc7 17. Kb1 Bf4 18. Bc3 Bd6 19. Ne5 Rad8 20. f4 Be7 21. g4
Nd7 22. Rhg1 Nxe5 23. dxe5 Rxd1+ 24. Rxd1 Rd8 25. Rxd8+ 1/2-1/2

[Event "DBMM 2015 (XV.)"]
[Site "München"]
[Date "2015.10.23"]
[Round "3.4"]
[White "Molzan, Andreas"]
[Black "Wirth, Volker"]
[Result "0-1"]
[WhiteElo "1255"]
[BlackElo "1717"]
[PlyCount "80"]
[EventDate "2015.10.22"]
[EventType "swiss"]
[EventRounds "7"]
[EventCountry "GER"]
[WhiteTeam "SG Stern Stuttgart 1"]
[BlackTeam "SV Spark.Vers. Stuttgart "]

1. e4 c5 2. Nf3 d6 3. Nc3 Nf6 4. Bc4 e6 5. d4 cxd4 6. Nxd4 Nc6 7. Bg5 Bd7 8.
Bb5 a6 9. Nxc6 Bxc6 10. Bxc6+ bxc6 11. Qd2 Be7 12. Be3 Rb8 13. O-O-O O-O 14. h4
d5 15. e5 Ng4 16. Bg5 Nxe5 17. Bxe7 Qxe7 18. g4 Nc4 19. Qd4 e5 20. Qd3 Nxb2 21.
Qxa6 Nxd1 22. Rxd1 Rfc8 23. a4 e4 24. Qe2 Qe5 25. Qe3 Rb4 26. f4 Qe7 27. a5 Rc4
28. Ne2 Qb4 29. a6 Ra8 30. Rd4 Rxd4 31. Nxd4 Rxa6 32. Nb3 c5 33. Qxc5 Ra1+ 34.
Kb2 Qxc5 35. Nxc5 Rf1 36. f5 e3 37. Nd3 e2 38. Kc3 e1=Q+ 39. Nxe1 Rxe1 40. Kd4
Rd1+ 0-1

[Event "DBMM 2015 (XV.)"]
[Site "München"]
[Date "2015.10.23"]
[Round "3.2"]
[White "Achermann, Didier"]
[Black "Obermeier, Karlheinz"]
[Result "1-0"]
[WhiteElo "1724"]
[BlackElo "1522"]
[PlyCount "63"]
[EventDate "2015.10.22"]
[EventType "swiss"]
[EventRounds "7"]
[EventCountry "GER"]
[WhiteTeam "Europäisches Patentamt Mü. 4"]
[BlackTeam "ADAC München 2 "]

1. e4 e5 2. Nf3 d6 3. d4 exd4 4. Qxd4 Nc6 5. Qd1 Nf6 6. Nc3 Be7 7. Be2 O-O 8.
O-O Nd7 9. Nd5 Re8 10. Nd4 Nxd4 11. Qxd4 Nf6 12. Nxe7+ Qxe7 13. f3 h6 14. Bc4
Be6 15. Bd2 Bxc4 16. Qxc4 b6 17. Bc3 c5 18. Rad1 Red8 19. Rfe1 Kf8 20. a4 Rab8
21. b3 Ne8 22. Qd5 Nc7 23. Qf5 f6 24. Rd3 Rd7 25. f4 Rbd8 26. Rg3 Ne8 27. e5
dxe5 28. fxe5 Rd1 29. Rge3 Rxe1+ 30. Rxe1 Qf7 31. e6 Qe7 32. Qh7 1-0

[Event "DBMM 2015 (XV.)"]
[Site "München"]
[Date "2015.10.23"]
[Round "3.1"]
[White "Schmidt, Konrad"]
[Black "Quast, Michael"]
[Result "1/2-1/2"]
[WhiteElo "1801"]
[BlackElo "1760"]
[PlyCount "26"]
[EventDate "2015.10.22"]
[EventRounds "7"]
[EventCountry "GER"]
[WhiteTeam "SG Deutscher Bundestag Bonn 1"]
[BlackTeam "Bezirksamt Berlin Tempelhof 2"]

1. e4 b6 2. d4 Bb7 3. Nd2 e6 4. Bd3 c5 5. c3 cxd4 6. cxd4 Bb4 7. Ngf3 Nf6 8.
Qe2 Nc6 9. O-O Bxd2 10. Bxd2 h6 11. d5 Ne7 12. d6 Ng6 13. e5 Bxf3 1/2-1/2

[Event "DBMM 2015 (XV.)"]
[Site "München"]
[Date "2015.10.23"]
[Round "3.2"]
[White "Frahm, Werner"]
[Black "Stark, Rainer"]
[Result "0-1"]
[WhiteElo "1570"]
[BlackElo "2090"]
[PlyCount "68"]
[EventDate "2015.10.22"]
[EventRounds "7"]
[EventCountry "GER"]
[WhiteTeam "Bezirksamt Berlin Tempelhof 2"]
[BlackTeam "SG Deutscher Bundestag Bonn 1"]

1. b3 d5 2. Bb2 Nf6 3. Nf3 Bf5 4. d3 e6 5. h3 h6 6. g3 Bb4+ 7. c3 Bd6 8. Bg2
O-O 9. O-O c6 10. Nbd2 Qb6 11. d4 Nbd7 12. c4 Qc7 13. Qe1 Rfe8 14. Rc1 Ne4 15.
Nxe4 dxe4 16. Ne5 Nxe5 17. dxe5 Bxe5 18. Bxe5 Qxe5 19. e3 Qb2 20. Ra1 Red8 21.
Qb1 Qxb1 22. Raxb1 Rd2 23. a4 Rad8 24. g4 Bg6 25. Kh2 Rc2 26. Kg3 Rdd2 27. h4
f5 28. Rbd1 fxg4 29. Rxd2 Rxd2 30. Kxg4 Rb2 31. Kf4 Rxb3 32. Bxe4 Bxe4 33. Kxe4
Rb4 34. Ke5 Rxc4 0-1

[Event "DBMM 2015 (XV.)"]
[Site "München"]
[Date "2015.10.23"]
[Round "3.3"]
[White "Stamer, Martin"]
[Black "Wolf, Wilfried"]
[Result "1/2-1/2"]
[WhiteElo "1900"]
[BlackElo "1526"]
[PlyCount "57"]
[EventDate "2015.10.22"]
[EventRounds "7"]
[EventCountry "GER"]
[WhiteTeam "SG Deutscher Bundestag Bonn 1"]
[BlackTeam "Bezirksamt Berlin Tempelhof 2"]

1. e4 e5 2. Nf3 Nc6 3. Bc4 h6 4. Nc3 Nf6 5. d3 Bb4 6. Bd2 Bxc3 7. Bxc3 d6 8. h3
Qe7 9. Qd2 Be6 10. Bxe6 Qxe6 11. O-O O-O 12. Nh4 Ne7 13. f4 exf4 14. Bxf6 Qxf6
15. Rxf4 Qe6 16. Nf5 Nxf5 17. Rxf5 b6 18. b3 a5 19. Raf1 Rad8 20. R1f3 Rd7 21.
Rg3 Kh7 22. Rh5 f5 23. Qg5 fxe4 24. Re3 Qf6 25. Qg4 Re7 26. Rxe4 Rxe4 27. Qxe4+
Qg6 28. Rh4 Qxe4 29. Rxe4 1/2-1/2

[Event "DBMM 2015 (XV.)"]
[Site "München"]
[Date "2015.10.23"]
[Round "3.4"]
[White "Warnest, Stefan"]
[Black "Müller, Franz Helmut"]
[Result "1/2-1/2"]
[WhiteElo "1507"]
[BlackElo "1700"]
[PlyCount "84"]
[EventDate "2015.10.22"]
[EventRounds "7"]
[EventCountry "GER"]
[WhiteTeam "Bezirksamt Berlin Tempelhof 2"]
[BlackTeam "SG Deutscher Bundestag Bonn 1"]

1. e4 e5 2. Nf3 d6 3. d4 exd4 4. Nxd4 Bd7 5. Nc3 Be7 6. Bc4 c6 7. O-O b5 8. Bb3
c5 9. Ndxb5 Bxb5 10. Nxb5 a6 11. Bxf7+ Kxf7 12. Qd5+ Kf8 13. Qxa8 axb5 14. Qd5
Nf6 15. Qe6 Nc6 16. c3 Qb8 17. Bg5 Nd8 18. Qf5 Nf7 19. Bxf6 Bxf6 20. Rfd1 Ke7
21. h3 Ne5 22. b3 g6 23. Qf4 Nf7 24. Qf3 h5 25. Rab1 Be5 26. c4 Rf8 27. Qd3 b4
28. Rf1 Ng5 29. h4 Ne6 30. g3 Rf7 31. Qd5 Nd4 32. f4 Ne2+ 33. Kg2 Nc3 34. Qd3
Nxb1 35. Qxb1 Bd4 36. f5 gxf5 37. Rxf5 Rxf5 38. exf5 Qb7+ 39. Kh2 Qf3 40. Qe1+
Be5 41. Qg1 Qg4 42. f6+ Kf7 1/2-1/2

[Event "DBMM 2015 (XV.)"]
[Site "München"]
[Date "2015.10.23"]
[Round "3.1"]
[White "Piotrowski, Roger"]
[Black "Gebert Vangeel, Ralf"]
[Result "0-1"]
[WhiteElo "1734"]
[BlackElo "2041"]
[PlyCount "54"]
[EventDate "2015.10.??"]
[EventType "swiss"]
[EventRounds "7"]
[EventCountry "GER"]
[SourceDate "2015.10.22"]
[WhiteTeam "Telestern Berlin"]
[BlackTeam "SV Osram Berlin"]
[WhiteTeamCountry "GER"]
[BlackTeamCountry "GER"]

1. d4 d5 2. c4 c6 3. Nf3 Nf6 4. Nc3 e6 5. Bg5 Nbd7 6. Qc2 Bb4 7. e3 Qa5 8. Nd2
O-O 9. Be2 dxc4 10. Bxf6 Nxf6 11. Bxc4 e5 12. dxe5 Qxe5 13. Nf3 Qc5 14. Bd3 Bg4
15. Nd2 Rad8 16. O-O Bxc3 17. bxc3 Qd6 18. Ne4 Qxd3 19. Nxf6+ gxf6 20. Qb3 Qb5
21. Qc2 Rd7 22. Qe4 Qg5 23. f4 Qf5 24. Qc4 Qb5 25. Qe4 Qd5 26. Qc2 Qd2 27. Qe4
Qd3 0-1

[Event "DBMM 2015 (XV.)"]
[Site "München"]
[Date "2015.10.23"]
[Round "3.2"]
[White "Eisermann, Daniel"]
[Black "Norris, Ray"]
[Result "1-0"]
[WhiteElo "1959"]
[BlackElo "1725"]
[PlyCount "33"]
[EventDate "2015.10.??"]
[EventType "team-swiss"]
[EventRounds "7"]
[EventCountry "GER"]
[SourceDate "2015.10.22"]
[WhiteTeam "SV Osram Berlin"]
[BlackTeam "Telestern Berlin"]
[WhiteTeamCountry "GER"]
[BlackTeamCountry "GER"]

1. e4 Nc6 2. Nf3 g6 3. Be2 Bg7 4. O-O e6 5. d4 d5 6. e5 f6 7. exf6 Nxf6 8. c3
O-O 9. Bg5 Qd6 10. Nbd2 e5 11. dxe5 Nxe5 12. Nxe5 Qxe5 13. Nf3 Qd6 14. Bh4 Ne4
15. Re1 Qb6 16. Qxd5+ Qe6 17. Bc4 1-0

[Event "DBMM 2015 (XV.)"]
[Site "München"]
[Date "2015.10.23"]
[Round "3.3"]
[White "Kleinwaechter, Manfred"]
[Black "Mueller, Gerd"]
[Result "0-1"]
[WhiteElo "1533"]
[BlackElo "1820"]
[PlyCount "118"]
[EventDate "2015.10.??"]
[EventType "team-swiss"]
[EventRounds "7"]
[EventCountry "GER"]
[SourceDate "2015.10.22"]
[WhiteTeam "Telestern Berlin"]
[BlackTeam "SV Osram Berlin"]
[WhiteTeamCountry "GER"]
[BlackTeamCountry "GER"]

1. e4 c5 2. d4 cxd4 3. c3 dxc3 4. Nxc3 g6 5. Bc4 Nc6 6. Nf3 Bg7 7. O-O Nf6 8.
Qe2 O-O 9. Rd1 Qa5 10. Bf4 Nh5 11. Bd2 Qd8 12. Rac1 d6 13. Bg5 h6 14. Be3 Bg4
15. Nd5 Ne5 16. Bb3 Nc6 17. Nf4 Nxf4 18. Bxf4 Qa5 19. Qe3 Bxf3 20. gxf3 Qh5 21.
Rd5 Be5 22. Kh1 Nd4 23. Bd1 Qh3 24. Kg1 Bxf4 25. Qxf4 Ne6 26. Qg3 Qxg3+ 27.
fxg3 Rac8 28. Rxc8 Rxc8 29. Bb3 Nc5 30. Bd1 Kg7 31. e5 dxe5 32. Rxe5 e6 33. Re2
Rd8 34. Bc2 Kf6 35. Kf2 e5 36. h3 Ke6 37. Ke3 f5 38. b4 Na6 39. Bb3+ Kf6 40. a3
Nc7 41. h4 Nb5 42. a4 Nd4 43. Rd2 Rc8 44. Bd1 Rc3+ 45. Rd3 Rxd3+ 46. Kxd3 Ke6
47. Kc3 b6 48. b5 Kd6 49. f4 Ne6 50. fxe5+ Kxe5 51. Bc2 g5 52. hxg5 hxg5 53.
Bd1 f4 54. gxf4+ gxf4 55. Bf3 Nd4 56. Bb7 f3 57. Bc8 f2 58. Bh3 Ne2+ 59. Kd3
Ng3 0-1

[Event "DBMM 2015 (XV.)"]
[Site "München"]
[Date "2015.10.23"]
[Round "3.4"]
[White "Riess, Bernhard"]
[Black "Fischer, Elmar"]
[Result "1/2-1/2"]
[WhiteElo "1574"]
[BlackElo "1625"]
[PlyCount "68"]
[EventDate "2015.10.??"]
[EventType "team-swiss"]
[EventRounds "7"]
[EventCountry "GER"]
[SourceDate "2015.10.22"]
[WhiteTeam "SV Osram Berlin"]
[BlackTeam "Telestern Berlin"]
[WhiteTeamCountry "GER"]
[BlackTeamCountry "GER"]

1. d4 e6 2. c4 Nf6 3. Nc3 Bb4 4. Bg5 h6 5. Bxf6 Qxf6 6. e4 d6 7. Nf3 Bxc3+ 8.
bxc3 Nd7 9. Bd3 b6 10. O-O O-O 11. Rc1 Bb7 12. d5 Nc5 13. Bb1 c6 14. Re1 cxd5
15. cxd5 e5 16. c4 Bc8 17. Rc3 Bg4 18. h3 Bd7 19. Nh2 Ba4 20. Qd2 g5 21. Rf3
Qg7 22. Ng4 f6 23. Ne3 Bd7 24. Nf5 Bxf5 25. Rxf5 Rac8 26. Re3 Qc7 27. Rg3 Qg7
28. f4 exf4 29. Rxf4 Rce8 30. h4 Re5 31. Qf2 Qg6 32. hxg5 hxg5 33. Qf3 Kg7 34.
Rf5 Rfe8 1/2-1/2

[Event "DBMM 2015 (XV.)"]
[Site "München"]
[Date "2015.10.23"]
[Round "3.1"]
[White "Bender, Gerhard Dr."]
[Black "Jacobsen, Rüdiger"]
[Result "1/2-1/2"]
[WhiteElo "2017"]
[BlackElo "1523"]
[PlyCount "39"]
[EventDate "2015.10.22"]
[EventType "team-swiss"]
[EventRounds "7"]
[EventCountry "GER"]
[WhiteTeam "Deutsches Patent- und Markenamt"]
[BlackTeam "SG Airbus Bremen 1"]

1. e4 e5 2. Nf3 Nc6 3. d4 exd4 4. Nxd4 Ne5 5. Be2 Nf6 6. Nc3 d6 7. O-O Be7 8.
f4 Ng6 9. Bf3 c6 10. Kh1 h6 11. Qe2 Nh4 12. Be3 Nxf3 13. Qxf3 O-O 14. Rae1 Ng4
15. Bg1 Qa5 16. h3 Nf6 17. e5 Nh7 18. Nb3 Qc7 19. Bd4 d5 20. Nc5 1/2-1/2

[Event "DBMM 2015 (XV.)"]
[Site "München"]
[Date "2015.10.23"]
[Round "3.3"]
[White "Lindemann, Thomas"]
[Black "Metzger, Kai"]
[Result "0-1"]
[WhiteElo "1552"]
[BlackElo "1559"]
[PlyCount "74"]
[EventDate "2015.10.22"]
[EventRounds "7"]
[EventCountry "GER"]
[WhiteTeam "Baubehörde Hamburg 2"]
[BlackTeam "Kreissparkasse Heilbronn "]

1. e4 e5 2. f4 exf4 3. Nf3 Be7 4. Bc4 Bh4+ 5. Ke2 Qe7 6. Nc3 Qc5 7. Nxh4 Qxc4+
8. d3 Qc5 9. Bxf4 d6 10. h3 g5 11. Bxd6 Qxd6 12. Nf5 Bxf5 13. exf5 Nc6 14. Re1
O-O-O 15. Kf1 Qh2 16. Qg4 Qf4+ 17. Qxf4 gxf4 18. Re4 Rd4 19. Ne2 Rxe4 20. dxe4
Nf6 21. Nxf4 Nxe4 22. g4 h6 23. Kg2 Nf6 24. c3 Ne7 25. Kf3 Ned5 26. Nd3 Re8 27.
Re1 Rxe1 28. Nxe1 Kd7 29. Nd3 Kd6 30. h4 Nd7 31. Ke4 f6 32. h5 Nc5+ 33. Nxc5
Kxc5 34. b4+ Kc4 35. a3 Nxc3+ 36. Kf4 Kd4 37. g5 Nd5+ 0-1